000 00644nam a2200229 a 4500
001 59424
003 BD-RjUL
005 20211209080728.0
008 161224s1963 ii ||||| |||| 00| 0 eng d
020 _c: Rs. 12.50
035 _a(BD-RjUL)59548
040 _aBD-RjUL
_beng
_cBD-RjUL
041 _aeng
082 _223
_a346.54
_bGOL 1963
100 _aGopalakrishnan, T. P.
_9176728
245 1 0 _aLaw of wills /
_cT. P. Gopalakrishnan
260 _aAllahabad :
_bLaw Book Co. ,
_c1963.
300 _a310 p. ;
_c23 cm.
504 _aInclude bibliographical reference and index.
650 _aWills
_zIndia
_9176729
942 _2ddc
_cBK
999 _c59424
_d59424